|
|
|
|
| LEADER |
01880nam a22003614a 4500 |
| 001 |
4495 |
| 003 |
BD-DhAAL |
| 005 |
20150908112628.0 |
| 008 |
150908s2001 enkab b 001 0 eng |
| 010 |
|
|
|a 00067458
|
| 015 |
|
|
|a GBA1-35702
|
| 020 |
|
|
|a 9840516078
|
| 020 |
|
|
|a 1856499251
|
| 020 |
|
|
|a 185649926X
|
| 020 |
|
|
|a 9747534681
|
| 040 |
|
|
|a DLC
|b eng
|c DLC
|d DLC
|d OrLoB-B
|d UkCU
|d BD-DhAAL
|
| 050 |
0 |
0 |
|a DS530.6
|b .F56 2001
|
| 082 |
0 |
4 |
|a 959.105
|2 21
|
| 100 |
1 |
|
|a Fink, Christina.
|9 14473
|
| 245 |
1 |
0 |
|a Living silence :
|b Burma under military rule /
|c Christina Fink.
|
| 260 |
|
|
|a London ;
|a New York :
|a Dhaka :
|b Zed Books :
|b The University Press :
|b Distributed in the USA by Palgrave,
|c c2001.
|
| 300 |
|
|
|a xiii, 286 p. :
|b ill., maps ;
|c 24 cm.
|
| 490 |
|
|
|a Politics in contemporary Asia
|
| 504 |
|
|
|a Includes bibliographical references (p. [270]-275) and index.
|
| 505 |
0 |
|
|a 1. Historical Legacies -- 2. The Ne Win Years, 1962-88 -- 3. Breaking the Silence 1988-90 -- 4. Military Rule Continues -- 5. Families: Fostering Conformity -- 6. Communities: Going with the Flow -- 7. The Military: A Life Sentence -- 8. Prison: 'Life University' -- 9. Education: Floating Books and Bathroom Tracts -- 10. The Artistic Community: In the Dark, Every Cat is Black -- 11. Religion and Magic: Disappearing Jewels and Poltergeists -- 12. The Internationalization of Burma's Politics -- 13. Conclusion: A Different Burma.
|
| 541 |
|
|
|e 4495
|
| 650 |
|
0 |
|a Military government
|z Burma.
|9 14474
|
| 650 |
|
0 |
|a Civil-military relations
|z Burma.
|9 14475
|
| 651 |
|
0 |
|a Burma
|x Politics and government
|y 1962-1988.
|9 14476
|
| 651 |
|
0 |
|a Burma
|x Politics and government
|y 1988-
|9 14477
|
| 942 |
|
|
|2 ddc
|c BK
|
| 999 |
|
|
|c 35471
|d 35471
|
| 952 |
|
|
|0 0
|1 0
|2 ddc
|4 0
|6 959_105000000000000_FIN
|7 0
|9 55787
|a SCL
|b SCL
|c GEN
|d 2015-09-08
|g 650.00
|l 2
|o 959.105 FIN
|p 3020004495
|r 2022-11-18
|s 2022-11-16
|t 1
|w 2015-09-08
|y BK
|